Normal view
MARC view
- Introduction To Robotics
Entry Geographic Name
001 - CONTROL NUMBER
- control field: 106594
003 - CONTROL NUMBER IDENTIFIER
- control field: NUST
005 - DATE AND TIME OF LATEST TRANSACTION
- control field: 20230102110951.0
008 - FIXED-LENGTH DATA ELEMENTS
- fixed length control field: 230102|| aca||aabn | a|a d
040 ## - CATALOGING SOURCE
- Original cataloging agency: NUST
- Transcribing agency: NUST
151 ## - HEADING--GEOGRAPHIC NAME
- Geographic name: Introduction To Robotics
670 ## - SOURCE DATA FOUND
- Source citation: Work cat.: (NUST)189497: S K Saha 106593, Introduction to Robotics /, 2011
